|
|
|
|
| LEADER |
01925nam a22004217a 4500 |
| 001 |
30409 |
| 003 |
BD-DhAAL |
| 005 |
20151111174317.0 |
| 008 |
150906s1998 bg a|||| b||| 00| 0 eng d |
| 040 |
|
|
|a BD-DhAAL
|c BD-DhAAL
|
| 082 |
|
|
|2 22
|a 307.1412095492
|
| 999 |
|
|
|c 36122
|d 36122
|
| 999 |
|
|
|c 36056
|
| 999 |
|
|
|c 36049
|
| 999 |
|
|
|c 36029
|
| 999 |
|
|
|c 36026
|
| 999 |
|
|
|c 35433
|
| 100 |
|
|
|a Afsana, kaosar
|9 15967
|
| 245 |
|
|
|a Women, workload and the women's health and development programme :
|c kaosar Afsana [et al.]
|b are women overburdened? /
|
| 260 |
|
|
|a Dhaka :
|b Research and Evaluation Division, BRAC,
|c 1998
|
| 300 |
|
|
|a iii, 22 p. :
|b ill. ;
|c 25 cm.
|
| 440 |
|
|
|9 15968
|
| 490 |
|
|
|a research monograph series
|v 11
|
| 541 |
|
|
|e 30409
|
| 610 |
|
|
|a BRAC
|9 14405
|
| 650 |
|
|
|a Rural Development
|z Bangladesh
|9 14406
|
| 700 |
|
|
|a Ahmed, Syed Masud
|9 15995
|
| 700 |
|
|
|a Mayeed, Maliha
|9 16126
|
| 700 |
|
|
|a Roy, Rita Das
|9 16127
|
| 700 |
|
|
|a karim, Fazlul
|9 16128
|
| 710 |
|
|
|a BRAC
|9 14405
|
| 852 |
|
|
|a Ayesha Abed Library
|c BRAC Resource Section
|
| 942 |
|
|
|2 ddc
|c BK
|
| 952 |
|
|
|0 0
|1 0
|2 ddc
|4 0
|6 307_141209549200000_WOM
|7 0
|9 56776
|a BRACUL
|b BRACUL
|c BRS
|d 2015-11-11
|e BRAC
|l 0
|o 307.1412095492 WOM
|p 3010030409
|r 2015-11-11
|t 1
|w 2015-11-11
|y BK
|
| 952 |
|
|
|0 0
|1 0
|2 ddc
|4 0
|6 307_141209549200000_WOM
|7 0
|9 56777
|a BRACUL
|b BRACUL
|c BRS
|d 2015-11-11
|e BRAC
|l 0
|o 307.1412095492 WOM
|p 3010030410
|r 2015-11-11
|t 2
|w 2015-11-11
|y BK
|
| 952 |
|
|
|0 0
|1 0
|2 ddc
|4 0
|6 307_141209549200000_WOM
|7 0
|9 56778
|a BRACUL
|b BRACUL
|c BRS
|d 2015-11-11
|e BRAC
|l 0
|o 307.1412095492 WOM
|p 3010030411
|r 2015-11-11
|t 3
|w 2015-11-11
|y BK
|
| 952 |
|
|
|0 0
|1 0
|2 ddc
|4 0
|6 307_141209549200000_WOM
|7 0
|9 56779
|a BRACUL
|b BRACUL
|c BRS
|d 2015-11-11
|e BRAC
|l 0
|o 307.1412095492 WOM
|p 3010030412
|r 2015-11-11
|t 4
|w 2015-11-11
|y BK
|
| 952 |
|
|
|0 0
|1 0
|2 ddc
|4 0
|6 307_141209549200000_WOM
|7 0
|9 56780
|a BRACUL
|b BRACUL
|c BRS
|d 2015-11-11
|e BRAC
|l 0
|o 307.1412095492 WOM
|p 3010030413
|r 2015-11-11
|t 5
|w 2015-11-11
|y BK
|